000 00237nam a2200097Ia 4500
001 649542
005 20250826153743.0
008 250824s9999 xx 000 0 und d
245 0 _aSIRA SANA DA GELECEK
_cKORAY AVCI ÇAKMAN
260 _bTUDEM
999 _c649542
_d649542